000 00862nam a2200349Ia 4500
005 20260514124348.0
008 008 261405s9999 xx 000 0 eng d
037 _aThesis
040 _aCRL
040 _beng
040 _cCRL
041 _2eng
041 _aeng
084 _qCRL
100 _aSingh Dr.Garima
_91239579
245 0 _aSuperoxide Dismutase Levels Alopecia Areata.
260 _aDelhi
260 _bUniversity of Delhi
260 _c2015
300 _a97p.
502 _bPh.D.
502 _cUniversity of Delhi
502 _d2015
541 _oThesis
650 _aDermatology Venereology and Leprology
700 _aDr.Ram Chander,
700 _aDr.Ritu Singh,
_91239409
700 _aDr.Taru Garg
710 _aDermatology Venereology and Leprology
_91239573
942 _cTH
999 _c1851736
_d1851736